La mujer en el siglo diez y ocho / (Record no. 154492)

MARC details
000 -LEADER
campo de control de longitud fija 00889nam a22002295i 4500
001 - NÚMERO DE CONTROL
campo de control 154492
003 - IDENTIFICADOR DE NÚMERO DE CONTROL
campo de control ES-MaACL
005 - FECHA Y HORA DE LA ÚLTIMA TRANSACCIÓN
campo de control 20250902125915.0
008 - DATOS DE LONGITUD FIJA--INFORMACIÓN GENERAL
campo de control de longitud fija 981106q1913 sp 001 0 spa d
080 ## - NÚMERO DE LA CLASIFICACIÓN DECIMAL UNIVERSAL
Número de la Clasificación Decimal Universal 396"17"
100 1# - ENTRADA PRINCIPAL--NOMBRE DE PERSONA
Nombre de persona Goncourt, Edmond de,
Fechas asociadas al nombre 1822-1896
9 (RLIN) 127377
245 13 - MENCIÓN DEL TÍTULO
Título La mujer en el siglo diez y ocho /
Mención de responsabilidad, etc. por E. y J. de Goncourt ; traducción por Luis de Terán.
260 ## - PUBLICACIÓN, DISTRIBUCIÓN, ETC.
Lugar de publicación, distribución, etc. Madrid :
Nombre del editor, distribuidor, etc. La España Moderna,
Fecha de publicación, distribución, etc. [1913] (
Fabricante Imp. de Juan Pueyo)
300 ## - DESCRIPCIÓN FÍSICA
Extensión 271 p. ;
Dimensiones 23 cm.
490 1# - MENCIÓN DE SERIE
Mención de serie Biblioteca de jurisprudencia, filosofía e historia ;
Designación de volumen o secuencia 543
650 #4 - PUNTO DE ACCESO ADICIONAL DE MATERIA--TÉRMINO DE MATERIA
Término de materia o nombre geográfico como elemento de entrada Mujeres-
Subdivisión general Situación social-
Subdivisión cronológica S.XVIII.
9 (RLIN) 174324
700 1# - ENTRADA AGREGADA--NOMBRE PERSONAL
Nombre de persona Goncourt, Jules de,
Fechas asociadas al nombre 1830-1870
9 (RLIN) 58231
700 1# - ENTRADA AGREGADA--NOMBRE PERSONAL
Nombre de persona Terán, Luis de,
Fechas asociadas al nombre 1864-1935
9 (RLIN) 109725
830 10 - PUNTO DE ACCESO ADICIONAL DE SERIE-TÍTULO UNIFORME
Título uniforme Biblioteca de jurisprudencia, filosofía e historia
Designación de volumen o secuencia 543
9 (RLIN) 180691
852 4# - LOCALIZACIÓN
Ubicación ES-MaACL
Número de control de estantería F-14775
Nota libre - Enc. hol.
Holdings
Estatus retirado Estado de pérdida Estado de daño No para préstamo Biblioteca de origen Biblioteca actual Ubicación en estantería Fecha de adquisición Fuente de adquisición Total de préstamos Signatura topográfica completa Código de barras Visto por última vez Precio de reemplazo Tipo de ítem Koha
        Biblioteca del Ateneo de Madrid Biblioteca del Ateneo de Madrid Sala Pecera Planta 2 17/01/2008     F-14775 1161571 23/02/2023 23/02/2023 Libro impreso